I delitti contro la Pubblica Amministrazione

Detalles Bibliográficos
Autor principal: Mastropasqua, Giuseppe
Formato: eBook
Lenguaje:italiano
Publicado: Bari : Cacucci Editore, 2013
Materias:
Acceso en línea:Acceso restringido

MARC

LEADER 00000nam a22000007a 4500
005 20130710190957.0
007 cr|||| ||||
008 130710s2013 it |||||s|||| 00||0 ita d
035 |a 11387 
040 |a vLex 
090 |c 4419  |d 4419 
100 1 |a Mastropasqua, Giuseppe  
245 1 2 |a I delitti contro la Pubblica Amministrazione  |h [Recurso electrn̤ico] /  |c Giuseppe Mastropasqua  
256 |a Servicio enln̕ea 
260 |a Bari :  |b Cacucci Editore,  |c 2013 
300 |a 1 recurso electrn̤ico 
506 1 |a Contenido solo disponible en los productos indicados  |d vLex Global  |d vLex Global (Academic Edition, excluding Law Schools)  |d vLex Global (U.S. Academic Edition, Law Schools)  |d vLex Global (U.S. Academic Edition, excluding Law Schools)  |d vLex Global (Academic Edition, Law Schools) 
650 0 4 |a Administraci ̤pb︢lica  |z Italia 
740 0 |a vLex Libros (Servicio en ln̕ea) 
856 4 0 |u http://vlex.com/source/i-delitti-la-pubblica-amministrazione-11387  |z Acceso restringido 
942 |c BOOK 
999 0 |a Public administration